000 00680nam a2200229 i 4500
003 CO-BoRNBP
005 20240822095142.0
007 ta
008 141112s2001 it a r 000 u spa d
020 _a9789701871515
040 _aCO-BoRNBP
_bspa
_cCO-BoRNBP
_eRda
041 _aspa
082 0 4 _aI704.9432 B18p
100 1 _aBaumbusch, Brigitte.
245 1 0 _aPeces /
_cBrigitte Baumbusch ; traducción Sergio Martínez.
300 _a29 páginas
_bilustraciones a color
_c22cm
490 0 _aColección arte para niños
650 1 7 _aAnimales en el arte - Literatura infantil.
_942175
700 1 _aMartínez, Sergio, tr.
_942176
942 _2ddc
_cBKINF
949 _an n
999 _c10035
_d10035